000 00428nam a2200181Ia 4500
003 0STCL
008 150530s9999 xx 000 0 und d
040 _aSTCL
_cSTCL
100 _aPaul Khurana, S.M.;Singhal, P.K.
245 _aHigher Education -Quality and Management
250 _a1
260 _c2010
_aNew Delhi
300 _a448
546 _aEnglish
942 _2ddc
_cBK
999 _c16169
_d16169
005 20220125165743.0